Normal view
MARC view
Entry Personal Name
001 - CONTROL NUMBER
- control field: 38571
003 - CONTROL NUMBER IDENTIFIER
- control field: ARRUPE
005 - DATE AND TIME OF LATEST TRANSACTION
- control field: 20180117112536.0
008 - FIXED-LENGTH DATA ELEMENTS
- fixed length control field: 180117|| aca||aabn | a|a d
040 ## - CATALOGING SOURCE
- Original cataloging agency: ARRUPE
- Transcribing agency: ARRUPE
100 ## - HEADING--PERSONAL NAME
- Personal name: Lossky, Vladimir,
- Dates associated with a name: 1903-1958.
670 ## - SOURCE DATA FOUND
- Source citation: Work cat.: (ARRUPE)0: Lossky, Vladimir, 1903-1958., Essai sur la théologie mystique de l'Église d'Orient., 1990